Využitie počítačovej podpory pri návrhu a výrobe unibody konštrukcie
Salvato in:
| Autore principale: | |
|---|---|
| Altri autori: | |
| Natura: | Manoscritto Libro |
| Lingua: | slovacco |
| Pubblicazione: |
2016
|
| Soggetti: | |
| Accesso online: | http://is.stuba.sk/zp/portal_zp.pl?podrobnosti=120940 |
| Tags: |
Nessun Tag, puoi essere il primo ad aggiungerne!!
|
MARC
| LEADER | 00000ntm a22000003a 4500 | ||
|---|---|---|---|
| 001 | stuzp51066 | ||
| 003 | SK-STU | ||
| 005 | 20160719153737.8 | ||
| 007 | ta | ||
| 008 | 150427s2015----xo-----f-mn---000-0-slo-d | ||
| 040 | |a STU |b slo | ||
| 041 | 0 | |a slo | |
| 100 | 1 | |a Tomeček, Radoslav |u 063000 |4 aut |U MTF Materiálovotechnologická fakulta |T MTF Ústav výrobných technológií |X 70230 |U M3000 |Y 83 |7 70230 | |
| 242 | 0 | 1 | |a Application of computer support on design and construction of unibody design |y eng |
| 245 | 1 | 0 | |a Využitie počítačovej podpory pri návrhu a výrobe unibody konštrukcie |
| 260 | |c 2016 | ||
| 650 | 4 | |a CAD |2 slo | |
| 650 | 4 | |a CAM |2 slo | |
| 650 | 4 | |a reverzné inžinierstvo |2 slo | |
| 650 | 4 | |a unibody konštrukcia |2 slo | |
| 650 | 4 | |a CAM |2 eng | |
| 650 | 4 | |a CAD |2 eng | |
| 650 | 4 | |a reverse engineering |2 eng | |
| 650 | 4 | |a unibody construction |2 eng | |
| 700 | 1 | |a Buranský, Ivan |u 063600 |k Z1 |4 ths |U MTF Ústav výrobných technológií |T MTF Katedra obrábania a tvárnenia |X 4587 |U M3600 |Y 841 |7 A000004587 | |
| 856 | 4 | |u http://is.stuba.sk/zp/portal_zp.pl?podrobnosti=120940 | |
| 996 | |c M* BP-7714 |l MMSKP |s P |a 0 |w stuzp51066_0001 | ||
| SQL | |a stuzp51066 |b DBP |c SLO |d Využitie počítačovej podpory pri návrhu a výrobe unibody konštrukcie |e 70230 |f Tomeček, Radoslav |g 063000 |h 4587 |i Buranský, Ivan |j 20160620 |k 174 |l 06 |m http://is.stuba.sk/zp/portal_zp.pl?podrobnosti=120940 |n B-PPT |o 5.2.51. výrobné technológie | ||